Statistics for Most Appearances in the Champions League From Spain

Click here to take the quiz!

General Stats

  • This quiz has been taken 71 times
  • The average score is 19 of 25

Answer Stats

#Apps.ClubsYearsAnswer% Correct
5130Barcelona2002-'03, 2004-'18Andrés Iniesta
100%
4140Real Madrid, Paris Saint-Germain, Sevilla2005-'21, 2022-Sergio Ramos
100%
2151Barcelona1998-'03, 2004-'15Xavi Hernandez
100%
6129Barcelona2008-2023Sergio Busquets
99%
8119Real Madrid, Liverpool, Bayern München, Real Sociedad2003-2017Xabi Alonso
99%
7128Barcelona, Manchester United2004-'05, 2007-'23Gerard Piqué
97%
1177Real Madrid, FC Porto1999-2019Iker Casillas
97%
3142Real Madrid, Schalke 041995-'96, 1997-'11Raúl González
96%
9115Barcelona1999-'03, 2004-'14Carles Puyol
93%
11104Arsenal, Barcelona, Chelsea2004-'16, 2017-'18Cesc Fàbregas
84%
2179Atlético Madrid, Chelsea, Liverpool2007-2018Fernando Torres
82%
1784Barcelona, Valencia2010-2023Jordi Alba
82%
10106Barcelona2002-'03, 2004-'14Víctor Valdés
82%
1588Atlético Madrid2013-Koke
73%
2080Bayern München, Liverpool, Barcelona2010-2023Thiago Alcântara
72%
1393Real Madrid, Valencia, AS Monaco, Liverpool, Olympique Marseille1997-'08, 2009-'10Fernando Morientes
70%
1881Real Madrid2013-Dani Carvajal
69%
2377Real Madrid1989-'91, 1995-'96, 1997-'03Fernando Hierro
67%
2278Real Madrid, Malaga, Sevilla, Valencia2010-'11, 2012-'21, 2022-'23Isco
67%
2476Liverpool, Napoli, Lazio, Barcelona2001-'02, 2005-'10, 2013-'14, 2016-'18, 2020-'21Pepe Reina
66%
1297Real Madrid1997-2010Guti
64%
2476Chelsea, Olympique Marseille, Atlético Madrid2010-'16, 2017-'18, 2019-César Azpilicueta
60%
1489Real Madrid1955-1970Paco Gento
40%
1687Real Madrid, Valencia1999-2008Iván Helguera
34%
1881Real Madrid1999-2009Míchel Salgado
34%

Score Distribution

Percentile by Number Answered

Percent of People with Each Score

Your Score History

You have not taken this quiz